[Event "Avoine op 34th"]
[Site "Avoine"]
[Date "2019.07.22"]
[Round "3"]
[White "Bournel, Antoine"]
[Black "Bodicker, Rob"]
[Result "1-0"]
[WhiteElo "2217"]
[BlackElo "2007"]
[PlyCount "87"]
[EventDate "2019.07.20"]
[EventType "swiss"]
[EventRounds "9"]
[EventCountry "FRA"]
[SourceTitle "EXT 2020"]
[Source "ChessBase"]
[SourceDate "2019.10.17"]
[SourceVersion "1"]
[SourceVersionDate "2019.10.17"]
[SourceQuality "1"]

1. e4 e6 2. d4 d5 3. Nd2 Be7 4. Ngf3 Nf6 5. e5 Nfd7 6. Bd3 c5 7. c3 b6 8. 0-0 Ba6 9. Ne1 Bxd3 10. Nxd3 Nc6 11. Qg4 Kf8 12. Nf3 h5 13. Qg3 cxd4 14. cxd4 g5 15. Be3 g4 16. Nd2 Rg8 17. Bh6+ Ke8 18. Qe3 Bg5 19. Bxg5 Qxg5 20. Nf4 Ne7 21. g3 Nf5 22. Qd3 h4 23. Rfc1 Ke7 24. Rc7 Rgc8 25. Rac1 Kd8 26. Qc3 Rxc7 27. Qxc7+ Ke8 28. Nb3 h3 29. Nd3 Ne7 30. Qb7 Rd8 31. Qxa7 Qf5 32. Qa6 Qe4 33. Ne1 f6 34. exf6 Nxf6 35. Qxb6 Qe2 36. Nc5 Rc8 37. Ned3 Rc6 38. Qb8+ Rc8 39. Qf4 Ne4 40. Qe3 Nxg3 41. hxg3 Qxe3 42. fxe3 Nf5 43. Kf2 Ke7 44. Nf4 1-0

[Event "Avoine op 32nd"]
[Site "Avoine"]
[Date "2017.07.29"]
[Round "8"]
[White "Bodicker, Rob"]
[Black "Ollier, Pablo"]
[Result "0-1"]
[WhiteElo "2076"]
[BlackElo "2378"]
[PlyCount "62"]
[EventDate "2017.07.22"]
[EventType "swiss"]
[EventRounds "9"]
[EventCountry "FRA"]
[SourceTitle "CBM 179 Extra"]
[Source "ChessBase"]
[SourceDate "2017.08.23"]
[SourceVersion "1"]
[SourceVersionDate "2017.08.23"]
[SourceQuality "1"]

1. d4 Nf6 2. c4 e6 3. Nf3 b6 4. e3 Bb7 5. Bd3 d5 6. cxd5 exd5 7. 0-0 Bd6 8. Nc3 0-0 9. b3 a6 10. Bb2 Nbd7 11. Rc1 Qe7 12. Ne2 Ne4 13. Ng3 f5 14. Rc2 Rf7 15. Qa1 Re8 16. Rfc1 c6 17. Nf1 Rf6 18. g3 Rh6 19. Rxc6 Bxc6 20. Rxc6 Bxg3 21. Rxh6 Bxf2+ 22. Kg2 gxh6 23. Bxe4 fxe4 24. Kxf2 Rf8 25. N1d2 Qh4+ 26. Ke2 Qg4 27. Qh1 exf3+ 28. Nxf3 Nf6 29. Ba3 Rc8 30. Bd6 Rc2+ 31. Kf1 Qh3+ 0-1

[Event "Avoine op 30th"]
[Site "Avoine"]
[Date "2015.07.20"]
[Round "3"]
[White "Bodicker, Rob"]
[Black "Gerard, Nicolas"]
[Result "0-1"]
[WhiteElo "1980"]
[BlackElo "2244"]
[PlyCount "74"]
[EventDate "2015.07.18"]
[EventType "swiss"]
[EventRounds "9"]
[EventCountry "FRA"]
[SourceTitle "EXT 2016"]
[Source "ChessBase"]
[SourceDate "2015.10.08"]
[SourceVersion "1"]
[SourceVersionDate "2015.10.08"]
[SourceQuality "1"]

1. Nf3 Nf6 2. c4 c5 3. g3 g6 4. Bg2 Bg7 5. 0-0 Nc6 6. Nc3 d5 7. cxd5 Nxd5 8. Qb3 Nb6 9. a3 0-0 10. d3 Be6 11. Qd1 Rc8 12. Be3 Na5 13. Ng5 Bb3 14. Qd2 Nd7 15. Rab1 b6 16. Nge4 Nc6 17. Bh6 f5 18. Bxg7 Kxg7 19. Ng5 h6 20. Nf3 Nf6 21. e3 Qd7 22. Ne2 Rfd8 23. Nc1 Bf7 24. b4 Qd6 25. b5 Ne5 26. Nxe5 Qxe5 27. Qb2 Qxb2 28. Rxb2 e5 29. e4 fxe4 30. dxe4 c4 31. Bh3 Rc5 32. f3 c3 33. Rb4 c2 34. Re1 Rc3 35. Rb2 Rd2 36. f4 exf4 37. e5 Ne4 0-1

[Event "Groningen op compact-A 51st"]
[Site "Groningen"]
[Date "2013.12.28"]
[Round "3"]
[White "Bodicker, Rob"]
[Black "Ratsma, Midas"]
[Result "0-1"]
[WhiteElo "1960"]
[BlackElo "2145"]
[PlyCount "86"]
[EventDate "2013.12.26"]
[EventType "swiss"]
[EventRounds "5"]
[EventCountry "NED"]
[SourceTitle "CBM 158 Extra"]
[Source "ChessBase"]
[SourceDate "2014.02.28"]
[SourceVersion "1"]
[SourceVersionDate "2014.02.28"]
[SourceQuality "1"]

1. d4 Nf6 2. c4 c5 3. d5 b5 4. Qc2 g6 5. e4 d6 6. Be2 Bg7 7. Nd2 0-0 8. cxb5 a6 9. Ngf3 axb5 10. Bxb5 Qa5 11. a4 Ba6 12. Ra3 Nbd7 13. Bxa6 Qxa6 14. Nc4 e6 15. dxe6 fxe6 16. 0-0 d5 17. Ncd2 c4 18. b4 cxb3 19. Qxb3 Nc5 20. Qe3 Nfxe4 21. Nxe4 Nxe4 22. h4 Qc4 23. a5 Bc3 24. h5 g5 25. h6 Rf5 26. Qb6 Ra6 27. Rxc3 Nxc3 28. Qd8+ Kf7 29. Qd7+ Kg6 30. Qg7+ Kh5 31. Bxg5 Qg4 32. Qxc3 Rxf3 33. Be3 d4 34. Qc5+ Rf5 35. Qc8 Raxa5 36. f3 Qg6 37. g4+ Kh4 38. Qd8+ Kh3 39. Qxd4 Ra2 40. Rf2 Rd5 41. Qc4 Rd1+ 42. Rf1 Rg2+ 43. Kh1 Qc2 0-1

[Event "Groningen op compact-A 51st"]
[Site "Groningen"]
[Date "2013.12.26"]
[Round "1"]
[White "Boersma, Jan"]
[Black "Bodicker, Rob"]
[Result "1/2-1/2"]
[WhiteElo "2073"]
[BlackElo "1960"]
[PlyCount "55"]
[EventDate "2013.12.26"]
[EventType "swiss"]
[EventRounds "5"]
[EventCountry "NED"]
[SourceTitle "CBM 158 Extra"]
[Source "ChessBase"]
[SourceDate "2014.02.28"]
[SourceVersion "1"]
[SourceVersionDate "2014.02.28"]
[SourceQuality "1"]

1. e4 e6 2. d4 d5 3. Nd2 Be7 4. Ngf3 Nf6 5. Bd3 c5 6. c3 cxd4 7. cxd4 Nc6 8. 0-0 0-0 9. e5 Nd7 10. Re1 f6 11. exf6 Nxf6 12. Nf1 Qb6 13. a3 a5 14. b3 Bd7 15. Ra2 Rac8 16. Bg5 Bd6 17. Bh4 Bf4 18. Bb1 Na7 19. Bxf6 Rxf6 20. Qd3 g6 21. Rc2 Nb5 22. Rxc8+ Bxc8 23. a4 Nd6 24. g3 Bh6 25. Ne5 Bg7 26. Ne3 Rf8 27. h4 Ne4 28. Re2 1/2-1/2

[Event "Vlissingen HZ op 16th"]
[Site "Vlissingen"]
[Date "2012.08.10"]
[Round "8"]
[White "Lee, Jun Wei"]
[Black "Bodicker, Rob"]
[Result "1/2-1/2"]
[WhiteElo "1524"]
[BlackElo "2070"]
[PlyCount "58"]
[EventDate "2012.08.04"]
[EventType "swiss"]
[EventRounds "9"]
[EventCountry "NED"]
[SourceTitle "CBM 149 Extra"]
[Source "ChessBase"]
[SourceDate "2012.08.24"]
[SourceVersion "1"]
[SourceVersionDate "2012.08.24"]
[SourceQuality "1"]

1. e4 e6 2. d3 d5 3. Qe2 Nf6 4. Nf3 Be7 5. g3 b6 6. Bg2 0-0 7. 0-0 c5 8. Re1 dxe4 9. dxe4 Ba6 10. c4 Nc6 11. Rd1 Qc7 12. Nc3 Rad8 13. Bf4 e5 14. Bg5 Nd4 15. Qf1 Bb7 16. Bxf6 Bxf6 17. Nxd4 cxd4 18. Nd5 Bxd5 19. cxd5 Bg5 20. Qd3 Qd6 21. h4 Bh6 22. Bh3 g6 23. Re1 Rfe8 24. Re2 Re7 25. Rc2 Rc7 26. Rxc7 Qxc7 27. Re1 Kg7 28. Re2 Qc1+ 29. Kg2 Rd6 1/2-1/2

[Event "Avoine op 27th"]
[Site "Avoine"]
[Date "2012.07.28"]
[Round "8"]
[White "Vekemans, Sylvain"]
[Black "Bodicker, Rob"]
[Result "0-1"]
[WhiteElo "1779"]
[BlackElo "2070"]
[PlyCount "76"]
[EventDate "2012.07.21"]
[EventType "swiss"]
[EventRounds "9"]
[EventCountry "FRA"]
[SourceTitle "CBM 149 Extra"]
[Source "ChessBase"]
[SourceDate "2012.08.24"]
[SourceVersion "1"]
[SourceVersionDate "2012.08.24"]
[SourceQuality "1"]

1. c4 Nf6 2. Nc3 e5 3. g3 d5 4. cxd5 Nxd5 5. Bg2 Nb6 6. Nf3 Nc6 7. 0-0 Be7 8. d3 Be6 9. a3 0-0 10. Bd2 f6 11. Rb1 a5 12. Ne1 Nd4 13. Bxb7 Bb3 14. Qc1 Nd5 15. Bxd5+ Bxd5 16. Nc2 Be6 17. Nxd4 exd4 18. Ne4 a4 19. Bf4 Bd6 20. Bxd6 cxd6 21. Qc6 Bb3 22. Qxd6 f5 23. Qxd8 Raxd8 24. Nc5 Rfe8 25. Nxb3 axb3 26. Rfe1 Rc8 27. e3 Rc2 28. h3 Rd2 29. Kf1 Rc8 30. Red1 dxe3 31. fxe3 Rh2 32. d4 Rcc2 33. Kg1 Rxh3 34. Rd3 Rxg3+ 35. Kf1 Rh3 36. Kg1 f4 37. Rxb3 f3 38. Rd3 Rg2+ 0-1

[Event "Brighton e2e4 Challengers-B"]
[Site "Brighton"]
[Date "2012.02.19"]
[Round "8"]
[White "Bodicker, Rob"]
[Black "Gibbs, Dominic V"]
[Result "1-0"]
[WhiteElo "2028"]
[BlackElo "1953"]
[PlyCount "117"]
[EventDate "2012.02.15"]
[EventType "tourn"]
[EventRounds "9"]
[EventCountry "ENG"]
[SourceTitle "EXT 2014"]
[Source "ChessBase"]
[SourceDate "2013.11.20"]
[SourceVersion "1"]
[SourceVersionDate "2013.11.20"]
[SourceQuality "1"]

1. d4 f5 2. e4 fxe4 3. Nc3 Nf6 4. Bg5 Nc6 5. d5 Ne5 6. Qd4 Nf7 7. Bh4 c6 8. 0-0-0 Qa5 9. Kb1 g5 10. Bg3 Bg7 11. Nxe4 cxd5 12. Nxf6+ Bxf6 13. Qxd5 Qb4 14. Qb3 Qxb3 15. axb3 d6 16. Bd3 Bd7 17. Ne2 e6 18. Nc3 a6 19. Rhe1 0-0 20. Be2 d5 21. Bg4 Bxc3 22. bxc3 Rfe8 23. c4 Nh6 24. Bh5 Nf7 25. cxd5 exd5 26. Rxe8+ Bxe8 27. Bf3 Bc6 28. Bxd5 Bxd5 29. Rxd5 b5 30. Kb2 Rc8 31. h4 h6 32. f4 gxf4 33. Bxf4 Kg7 34. Bd2 Rc6 35. h5 Kf6 36. g4 Ke6 37. Rf5 Nd6 38. Rf8 Nf7 39. Rg8 Ke7 40. Bb4+ Kd7 41. Rg6 Ne5 42. Rg7+ Ke6 43. Bc3 a5 44. Bxa5 Kf6 45. Rh7 Rc5 46. Bc3 Kg5 47. Rg7+ Kh4 48. Be1+ Kh3 49. g5 Nf3 50. Bf2 Rxg5 51. Rxg5 Nxg5 52. Ka3 Kg4 53. Kb4 Kxh5 54. Kxb5 Kg4 55. c4 Ne4 56. Be1 h5 57. c5 Ng3 58. c6 h4 59. c7 1-0

[Event "Avoine op 26th"]
[Site "Avoine"]
[Date "2011.07.29"]
[Round "7"]
[White "Bodicker, Rob"]
[Black "Scamps, Guillaume"]
[Result "1-0"]
[WhiteElo "2057"]
[BlackElo "1858"]
[PlyCount "81"]
[EventDate "2011.07.23"]
[EventType "swiss"]
[EventRounds "9"]
[EventCountry "FRA"]
[SourceTitle "EXT 2012"]
[Source "ChessBase"]
[SourceDate "2011.11.24"]
[SourceVersion "1"]
[SourceVersionDate "2011.11.24"]
[SourceQuality "1"]

1. d4 Nf6 2. Nf3 c5 3. d5 g6 4. c4 b5 5. cxb5 a6 6. bxa6 Bxa6 7. Nc3 d6 8. g3 Bg7 9. Bg2 Nbd7 10. Rb1 0-0 11. 0-0 Qa5 12. Bd2 Rfb8 13. h3 Qc7 14. b3 Nb6 15. Bc1 c4 16. b4 Bb7 17. e4 Nxe4 18. Nxe4 Rxa2 19. Be3 Nxd5 20. Bd4 e5 21. Nc3 Nxc3 22. Bxc3 d5 23. Ra1 Rxa1 24. Bxa1 d4 25. Re1 Bd5 26. Nh4 Bxg2 27. Nxg2 f5 28. Qa4 c3 29. Rc1 Bh6 30. f4 e4 31. Bxc3 dxc3 32. Qb3+ Kf8 33. Rxc3 Qb6+ 34. Kh2 Qxb4 35. Rc8+ Rxc8 36. Qxb4+ Kg8 37. Qb7 Re8 38. Ne3 Bf8 39. Qd5+ Kg7 40. g4 fxg4 41. hxg4 1-0

[Event "Utrecht OKU op 38th"]
[Site "Utrecht"]
[Date "2011.06.03"]
[Round "1"]
[White "Bodicker, Rob"]
[Black "Andersson, Ulf"]
[Result "0-1"]
[WhiteElo "2060"]
[BlackElo "2582"]
[PlyCount "60"]
[EventDate "2011.06.03"]
[EventType "swiss"]
[EventRounds "6"]
[EventCountry "NED"]
[SourceTitle "CBM 142 Extra"]
[Source "ChessBase"]
[SourceDate "2011.06.27"]
[SourceVersion "1"]
[SourceVersionDate "2011.06.27"]
[SourceQuality "1"]

1. d4 Nf6 2. Nf3 d5 3. c4 e6 4. g3 Bb4+ 5. Bd2 a5 6. Bg2 dxc4 7. 0-0 Nc6 8. Bg5 h6 9. Bxf6 Qxf6 10. a3 Bd6 11. Nc3 0-0 12. Ne4 Qe7 13. Qa4 e5 14. Nxd6 Qxd6 15. dxe5 Qc5 16. Qc2 Be6 17. Rfd1 Nxe5 18. Nxe5 Qxe5 19. Rd2 Rad8 20. Rad1 Rxd2 21. Rxd2 b5 22. h4 b4 23. axb4 axb4 24. Kh2 g5 25. hxg5 hxg5 26. Rd1 Kg7 27. Rh1 Rh8+ 28. Kg1 Rxh1+ 29. Kxh1 c3 30. bxc3 Qxc3 0-1

[Event "Avoine op 25th"]
[Site "Avoine"]
[Date "2010.07.21"]
[Round "5"]
[White "Daniel, Jean Claude"]
[Black "Bodicker, Rob"]
[Result "1/2-1/2"]
[WhiteElo "1894"]
[BlackElo "2081"]
[PlyCount "82"]
[EventDate "2010.07.17"]
[EventType "swiss"]
[EventRounds "9"]
[EventCountry "FRA"]
[SourceTitle "EXT 2011"]
[Source "ChessBase"]
[SourceDate "2010.11.26"]
[SourceVersion "1"]
[SourceVersionDate "2010.11.26"]
[SourceQuality "1"]

1. d4 Nf6 2. Nf3 d5 3. e3 Bf5 4. c4 c6 5. cxd5 cxd5 6. Qb3 Qb6 7. Bb5+ Nc6 8. Nc3 e6 9. 0-0 Bd6 10. Na4 Qc7 11. Bd2 0-0 12. Rfc1 Ne4 13. Be1 Bg4 14. Ne5 Bxe5 15. dxe5 Bh5 16. Nc5 Nxc5 17. Rxc5 Qxe5 18. Bxc6 bxc6 19. Rxc6 Rfb8 20. Qc3 Qg5 21. Kh1 h6 22. Rc1 Bg6 23. b3 Rd8 24. f3 e5 25. Bf2 Re8 26. Qb2 Rad8 27. Rc7 a6 28. Qe2 Re6 29. Qe1 Qf5 30. Rc8 Ree8 31. Rxd8 Rxd8 32. Qa5 Qf6 33. Qc7 Qd6 34. Qa5 Rb8 35. Rc5 Rb5 36. Rxb5 axb5 37. Qxb5 d4 38. exd4 exd4 39. Qe8+ Kh7 40. Qe1 Qf4 41. Bg3 Qg5 1/2-1/2

[Event "Avoine op 25th"]
[Site "Avoine"]
[Date "2010.07.19"]
[Round "3"]
[White "Nord, Antoine"]
[Black "Bodicker, Rob"]
[Result "1/2-1/2"]
[WhiteElo "1937"]
[BlackElo "2081"]
[PlyCount "116"]
[EventDate "2010.07.17"]
[EventType "swiss"]
[EventRounds "9"]
[EventCountry "FRA"]
[SourceTitle "EXT 2011"]
[Source "ChessBase"]
[SourceDate "2010.11.26"]
[SourceVersion "1"]
[SourceVersionDate "2010.11.26"]
[SourceQuality "1"]

1. e4 e6 2. d4 d5 3. Nd2 c5 4. exd5 Qxd5 5. Ngf3 cxd4 6. Bc4 Qd6 7. 0-0 Nf6 8. Nb3 Nc6 9. Nbxd4 Nxd4 10. Qxd4 Bd7 11. Bf4 Qxd4 12. Nxd4 Rc8 13. Bb3 Bc5 14. Rfd1 0-0 15. c3 Rfe8 16. Nf3 Bb5 17. Ne5 Ne4 18. Bg3 Nxg3 19. hxg3 Red8 20. Bc2 Be2 21. Rxd8+ Rxd8 22. Bd3 Rxd3 23. Nxd3 Bxd3 24. Rd1 Be4 25. b4 Bf8 26. Rd8 g6 27. b5 Kg7 28. f3 Bd5 29. Rd7 Bc5+ 30. Kh2 Bxa2 31. Rxb7 Bb6 32. Rb8 e5 33. Rc8 Be6 34. Re8 Kf6 35. g4 Bd7 36. g5+ Kg7 37. Re7 Bxb5 38. g3 Bc4 39. Rxe5 a5 40. Re8 a4 41. Ra8 Bb3 42. c4 Bd4 43. Kg2 Bb2 44. c5 a3 45. c6 Be6 46. c7 Be5 47. Rxa3 Bxc7 48. f4 h6 49. gxh6+ Kxh6 50. Ra7 Bb6 51. Ra6 Bd4 52. Ra3 f5 53. Ra4 Bg7 54. Kh3 Kh5 55. Ra7 Bh6 56. Ra5 g5 57. fxg5 Bxg5 58. Re5 Bd7 1/2-1/2

[Event "Vlissingen HZ op 13th"]
[Site "Vlissingen"]
[Date "2009.08.02"]
[Round "2"]
[White "Bitalzadeh, Ali"]
[Black "Bodicker, Rob"]
[Result "1-0"]
[WhiteElo "2434"]
[BlackElo "2080"]
[PlyCount "77"]
[EventDate "2009.08.01"]
[EventType "swiss"]
[EventRounds "9"]
[EventCountry "NED"]
[SourceTitle "CBM 131 Extra"]
[Source "ChessBase"]
[SourceDate "2009.09.03"]
[SourceVersion "2"]
[SourceVersionDate "2009.09.16"]
[SourceQuality "1"]

1. c4 Nf6 2. Nc3 c5 3. g3 Nc6 4. Bg2 d6 5. Nf3 e5 6. d3 Be7 7. a3 0-0 8. Rb1 a5 9. Bg5 Ne8 10. Bd2 f5 11. 0-0 Nf6 12. Ne1 Kh8 13. Nc2 Rb8 14. Ne3 Qe8 15. Ned5 Nxd5 16. Nxd5 Bd8 17. b4 axb4 18. axb4 Nd4 19. bxc5 dxc5 20. e3 Ne6 21. Bc3 Ng5 22. f4 Nf7 23. Rb5 b6 24. Qa1 Bd7 25. Rbb1 Be6 26. Qa7 Rc8 27. Nxb6 Bxb6 28. Rxb6 Rd8 29. Bc6 Bd7 30. Bd5 exf4 31. exf4 Qe3+ 32. Kg2 Qxd3 33. Qa1 Kg8 34. Bxg7 Rfe8 35. Bh8 Re2+ 36. Kh3 Re5 37. Qxe5 Qxf1+ 38. Kh4 Kf8 39. Qg7+ 1-0

[Event "Bussum op"]
[Site "Bussum"]
[Date "2009.05.30"]
[Round "3"]
[White "Bodicker, Rob"]
[Black "Giri, Anish"]
[Result "0-1"]
[WhiteElo "2102"]
[BlackElo "2517"]
[PlyCount "50"]
[EventDate "2009.05.29"]
[EventType "swiss"]
[EventRounds "7"]
[EventCountry "NED"]
[SourceTitle "CBM 130 Extra"]
[Source "ChessBase"]
[SourceDate "2009.07.02"]
[SourceVersion "2"]
[SourceVersionDate "2009.07.15"]
[SourceQuality "1"]

1. d4 d5 2. Nf3 Nf6 3. c4 c6 4. e3 Bf5 5. cxd5 cxd5 6. Bb5+ Nc6 7. 0-0 e6 8. Ne5 Rc8 9. Bd2 Bd6 10. Qa4 0-0 11. f4 Ne4 12. Be1 Bxe5 13. fxe5 Qg5 14. Rf4 Nxe5 15. dxe5 Rc1 16. Qb4 b6 17. Kf1 a5 18. Qd4 Rfc8 19. Be2 Rxe1+ 20. Kxe1 Rc1+ 21. Bd1 Qxg2 22. b3 Qg1+ 23. Rf1 Qxh2 24. Nd2 Qg3+ 25. Ke2 Nc3+ 0-1

[Event "Bussum op"]
[Site "Bussum"]
[Date "2009.05.29"]
[Round "1"]
[White "Danin, Alexandre"]
[Black "Bodicker, Rob"]
[Result "0-1"]
[WhiteElo "2498"]
[BlackElo "2102"]
[PlyCount "73"]
[EventDate "2009.05.29"]
[EventType "swiss"]
[EventRounds "7"]
[EventCountry "NED"]
[SourceTitle "CBM 130 Extra"]
[Source "ChessBase"]
[SourceDate "2009.07.02"]
[SourceVersion "2"]
[SourceVersionDate "2009.07.15"]
[SourceQuality "1"]

1. e4 e6 2. d4 d5 3. Nc3 Bb4 4. e5 c5 5. a3 Bxc3+ 6. bxc3 Qc7 7. Qg4 f5 8. Qg3 Ne7 9. Qxg7 Rg8 10. Qxh7 cxd4 11. Kd1 Nbc6 12. Qh5+ Ng6 13. Nf3 dxc3 14. Bg5 Qf7 15. Bf6 Ngxe5 16. Qxf7+ Nxf7 17. Bxc3 Bd7 18. Nd4 Nxd4 19. Bxd4 e5 20. Bb2 0-0-0 21. Kd2 Bc6 22. h4 d4 23. Rh2 Nh6 24. f3 e4 25. Be2 Rg3 26. Rf1 e3+ 27. Kc1 f4 28. Re1 Rg6 29. h5 Rg5 30. Rh4 Rc5 31. Bd3 Ba4 32. Kb1 Bb5 33. Bxb5 Rxb5 34. Rxf4 d3 35. cxd3 Rxd3 36. g4 Rd2 37. Rb4 0-1